000 00561nam a2200157 4500
001 112623
003 ES-MaACL
005 20230906185556.0
007 t|
008 061121s1928 ec r ||||1| spa d
100 1 _aMuñoz Vernaza, A.
_984512
245 1 0 _aExposición sobre el tratado de límites de 1916 entre el Ecuador y Colombia y análisis jurídico del tratado de límites de 1922 entre Colombia y Perú /
_cA. Muñoz Vernaza.
260 _aQuito (Ecuador) :
_bEl comercio,
_c1928.
300 _aVIII, 108 p. ;
_c23 cm.
852 _aES-MaACL
_j1737-F-22
999 _c112623
_d112623